00370cam a2200169u 4500001000800000005001700008008004100025010001700066040001900083041000800102043001200110080001100122082001100133100000700144101000800151245004100159653839620180118083528.0820115s1958 nyu 000 0 eng  a 58004965  aDLCcCarPdDLC aeng ae-uk-en a82 BAR a82 BAR1 a21 aGJL12aA collection of familiar quotations,